000 00615nam a2200265Ia 4500
005 20260121170220.0
008 008 260114s9999 xx 000 0 eng d
020 _a9789811065682
037 _aEBOOK
040 _aCRL
040 _beng
040 _cCRL
041 _2eng
041 _aeng
084 _qCRL
100 _aScott Eacott
_91061195
245 0 _aBeyond Leadership
260 _bSpringer
260 _bSpringer
260 _c2018
856 _uhttps://link.springer.com/openurl?genre=book&isbn=978-981-10-6568-2
942 _cEBOOK
999 _c1626924
_d1626924